Leyendas y cuentos iberoamericanos
Saved in:
| Format: | Book |
|---|---|
| Language: | Spanish |
| Published: |
Santiago
Andrés Bello
1996
|
| Edition: | 4a. ed |
| Subjects: | |
| Tags: |
Add Tag
No Tags, Be the first to tag this record!
|
MARC
| LEADER | 00000nam a2200000 a 4500 | ||
|---|---|---|---|
| 001 | UCH6806 | ||
| 003 | CL-VaPUC | ||
| 008 | 091109e19960000CL |||||||||||||||||spa|d | ||
| 020 | |a 9561314142 | ||
| 082 | 0 | 4 | |a 863 |b LEY |2 21 |
| 245 | 1 | 0 | |a Leyendas y cuentos iberoamericanos |
| 250 | |a 4a. ed | ||
| 300 | |a 110 p | ||
| 942 | |c BK | ||
| 945 | |d 20091109 00:00:00 |a lazolas | ||
| 260 | |a Santiago |b Andrés Bello |c 1996 | ||
| 650 | 7 | |a LEYENDAS |2 CL-VaPUC |9 265258 | |
| 650 | 0 | |a Cuentos hispanoamericanos |9 312389 | |
| 650 | 0 | |a Literatura folklórica |9 306605 | |
| 650 | 0 | |a Costumbres y tradiciones |9 268292 | |
| 583 | |a last modification |c 20091109 00:00:00 |k Rodrigo Vera | ||
| 999 | |c 337630 |d 337628 | ||